Phiên dịch sách báo Anh-Việt, Việt-Anh : Ôn lại cú pháp, phương pháp dịch, các đặc điểm của Anh ngữ /

محفوظ في:
التفاصيل البيبلوغرافية
المؤلف الرئيسي: Nguyễn Văn Tạo
التنسيق: Sách giấy
اللغة:Vietnamese
منشور في: Sàigòn : Văn Hoa , 1969
الوسوم: إضافة وسم
لا توجد وسوم, كن أول من يضع وسما على هذه التسجيلة!
Thư viện lưu trữ: Thư viện Trường Đại học Đà Lạt
LEADER 00677nam a2200253 4500
001 DLU020013699
005 ##6/19/2000
020 # # |a 978- 
041 # # |a vie 
082 # # |a 428  |b NG-T 
090 # # |a 428  |b NG-T 
100 # # |a Nguyễn Văn Tạo 
245 # # |a Phiên dịch sách báo Anh-Việt, Việt-Anh :  |b Ôn lại cú pháp, phương pháp dịch, các đặc điểm của Anh ngữ /  |c Nguyễn Văn Tạo 
260 # # |a Sàigòn :  |b Văn Hoa ,  |c 1969 
300 # # |a 460 tr.;   |c 23 cm. 
992 # # |a 690 
994 # # |a DLU 
900 # # |a False 
911 # # |a Administrator 
925 # # |a G 
926 # # |a A 
927 # # |a SH 
980 # # |a Thư viện Trường Đại học Đà Lạt